[Event "Biel GM 51st"]
[Site "Biel"]
[Date "2018.08.01"]
[Round "10"]
[White "Carlsen, Magnus"]
[Black "Georgiadis, Nico"]
[Result "1-0"]
[WhiteElo "2842"]
[BlackElo "2526"]
[Annotator "Golubev,Mikhail"]
[PlyCount "93"]
[EventDate "2018.07.22"]
[EventType "tourn"]
[EventRounds "10"]
[EventCountry "SUI"]
[EventCategory "20"]
[SourceTitle "CBM 186"]
[Source "ChessBase"]
[SourceDate "2018.09.14"]
[SourceVersion "1"]
[SourceVersionDate "2018.09.14"]
[SourceQuality "1"]

1. e4 c5 2. Na3 $5 {This move remained virtually unknown until Zvjaginsev used it three times in the Russian Superfinal 2005. Still, there were almost no followers among the strong GMs afterwards. By using such an offbeat move, the world champion probably expressed his disappointment with the loss in the previous round - and also avoided the main theory, indeed.} g6 ({Quite a decent recipe is} 2... d6 3. c3 Nf6 4. g3 Nc6 5. Bg2 e5 $1 $11 {Welling-Swinkels, Hilversum 2008.}) 3. Nf3 Bg7 4. c3 $1 d5 ({An alternative is} 4... Nc6 $5 5. d4 cxd4 6. cxd4 Nf6 $1 7. d5 Nb4 8. Bd3 ({or} 8. Qa4 a5) 8... O-O {Zvjaginsev-Bocharov, Tomsk 2006.}) 5. exd5 Qxd5 {Now it has transposed to a sideline of the Alapin System, where a3 is a useful/typical move.} 6. Bc4 ({After the rare} 6. Qb3 {Black can play} Nf6 $5 ({but not} 6... Be6 $2 7. Bc4 $1 Qe4+ 8. Kd1 $1 {and if} Bxc4 9. Nxc4 Qd5 10. Nb6 $3 $18 {Smyslov-Zhu Chen, Amsterdam 2001})) ({A sensible alternative is} 6. d4 cxd4 7. Bc4 ({or} 7. Nb5 Na6 8. Nbxd4 Nf6 9. Bb5+ Bd7 {where GM Karpatchev advocated} 10. Bxa6 $5 bxa6 11. O-O O-O 12. Re1 {and if} Rfe8 13. Ne5) 7... Qe4+ 8. Be3 {and now} Nh6 $1 ({avoiding the trap} 8... dxe3 $4 9. Bxf7+)) 6... Qe4+ 7. Kf1 $5 ({In a number of games the "Alapin" expert GM Sveshnikov preferred} 7. Be2 Nf6 8. O-O {, which is a more common choice generally. Now it makes sense to play} Nc6 $1 {first} ({avoiding the line} 8... O-O 9. d4 cxd4 10. Nxd4 $1 {Sveshnikov-Miezis, ch-LAT Riga 2005})) 7... Be6 $1 {Clearly the best way to parry the xf7+ threat.} ({Instead} 7... e6 $4 8. d3 Qf5 9. Nb5 $18 {Cherniaev-Vasquez Schroder, Wch blitz Khanty-Mansiysk 2013, was already lost for Black.}) ({RR} 7... Nh6 8. Qa4+ Kf8 9. d3 Qc6 10. Bb5 Qc7 11. Bf4 Qd8 12. Re1 a6 13. Bc4 Bg4 14. Ne5 Bf5 15. Bxh6 Bxh6 16. Nxf7 Qc7 17. Nxh8 Bd2 18. Re2 Bc1 19. Qc2 Bf4 20. Bd5 Nd7 21. Nf7 Nf6 22. Bb3 {Chassard,C (2284)-Tissir,M (2342) chess.com INT 2024 1-0 (62)}) 8. Qa4+ $146 ({After} 8. Bb5+ Bd7 9. d3 (9. Bc4 Be6 $11 {repeats}) 9... Bxb5 10. Nxb5 Qc6 $8 11. Qa4 {(Peptan-Uta, ROM-ch wom Amara 2007)} Nd7 12. Bf4 Kf8 $1 {Black is fine.}) (8. Qe2 $5 $11 {can not be overly attractive.}) ({But White can also try} 8. Be2 $5 {where Black, likely, has to allow g5 by} Nf6 ({or} 8... Nc6)) ({RR} 8. Bb5+ Bd7 9. Qb3 Bxb5+ 10. Qxb5+ Qc6 11. d3 a6 12. Qxc6+ Nxc6 13. Be3 b6 14. Nc4 Rb8 15. Bf4 Rb7 16. Re1 Kd7 17. h4 h5 18. Rh3 Nh6 19. Bxh6 Rxh6 20. Ng5 Nd8 21. Rhe3 Bf6 22. Ne5+ Bxe5 {Mangold,T (1896)-Giese,G (1899) Mecklenburg VP 2013 ½-½ (45)}) 8... Nd7 ({There was nothing wrong with} 8... Nc6 $5 {as well.}) 9. d4 $6 {Another overly optimistic move.} Ngf6 10. Bg5 Bxc4+ 11. Qxc4 Qd5 $6 ({A more promising move was} 11... Qf5 $1 {and Black is somewhat better.}) 12. Re1 e6 13. Bxf6 $5 Nxf6 $1 14. Qb5+ $6 ({After} 14. Qxc5 Qxc5 15. dxc5 {Black is fine, but at least White can hope to be no worse.}) 14... Nd7 $1 15. Ne5 $6 a6 $2 ({A sharp, principled continuation was} 15... Bxe5 16. dxe5 Qxa2 $1 {which looks very risky, but Black is doing well here.} 17. Rd1 ({or} 17. Nc4 O-O $1 $17 {and then, for example,} 18. b3 Rfd8 19. h4 Rab8 {with the idea of 20...a6}) 17... O-O-O $1 ({rather than} 17... O-O 18. Qxd7 Rad8 19. Qxd8 Rxd8 20. Rxd8+ Kg7 21. Nc2 $1 {etc. where White probably holds}) 18. Nc4 {(otherwise 18...a6)} Nxe5 $1 19. Qxc5+ Nc6 $17) 16. Qc4 $6 ({Normally, White had to play} 16. Qxd7+ Qxd7 17. Nxd7 Kxd7 18. Nc4 $11 {. While after Carlsen's move Black is better.}) 16... Nxe5 17. dxe5 Rd8 18. Qxd5 Rxd5 19. f4 g5 $6 ({Two stronger moves were} 19... Bh6 $5 20. g3 g5) ({and} 19... O-O $5 {preparing ...f6}) 20. fxg5 $8 Ke7 21. h4 $1 Rxe5 ({If} 21... Rhd8 $5 22. Rh3 $1 ({rather than} 22. Nc4 b5 23. Na5 Rc8 $1)) 22. Rxe5 Bxe5 {The ending is equal, more or less.} 23. Ke2 b5 24. Nc2 Rd8 25. Ne1 c4 26. Nf3 Bg7 27. Nd2 $6 h6 28. Ne4 hxg5 29. hxg5 Rd5 30. a3 a5 31. Re1 Be5 32. g3 $6 Kf8 $1 33. Kf3 $6 Kg7 {After several inaccurate moves, the world champion's position has become unpleasant.} 34. Kg4 Kg6 35. Rf1 Rd3 ({The Swiss grandmaster could have tried} 35... Bg7 $5 {. The following illustrative lines show some ideas:} 36. Rf2 Re5 37. Kf4 Rf5+ 38. Kg4 Rxf2 39. Nxf2 a4 (39... Bf8 $5 40. Nh3 Bd6 41. Nf4+ Bxf4 42. gxf4 a4 43. Kg3 Kf5 44. Kf3 e5 45. fxe5 Kxe5 46. Kg4 Ke4 47. Kh5 Kd3 48. Kh6 Kc2 49. Kg7 Kxb2 50. Kxf7 b4) 40. Ne4 (40. Nh3 b4 $1) 40... Bf8 $1 41. Kf4 Be7 42. Kg4 $2 (42. Ke5 $1) 42... e5 $1 {(Zugzwang)} 43. Kf3 Bxg5 44. Nd6 Bc1 45. Ke4 Bxb2 46. Nxb5 f6 $1 47. Kd5 Kg5 48. Kxc4 Kg4 49. Kd3 Kxg3 50. Kc2 Ba1 $1 51. Kb1 f5 $1 52. Kxa1 f4 53. c4 f3 54. Nc3 Kf4 $1 55. Nd1 e4 {and wins.}) 36. Rf3 Rd1 37. Rf2 Rd5 $2 {Georgiadis allows White to regroup.} 38. Nd2 $5 (38. Nf6 $1 Bxf6 {(otherwise White can play 39.h5)} 39. Rxf6+ Kg7 40. Rf2 {is drawish.}) 38... Bc7 39. Nf3 Bd8 40. Nh4+ Kg7 41. Nf3 Bb6 ({Avoiding the repetition,} 41... Kg6 {. But White is already OK.}) 42. Re2 Bc7 43. Re4 $1 Bd6 44. Rd4 $1 Rxd4+ 45. Nxd4 b4 46. a4 {The position is a draw, after many of Black's moves. But he blunders terribly.} b3 $4 ({Quite normal would have been, for example,} 46... Be5 47. Nc2 $1 (47. Nb5 $2 Kg6 $1 48. cxb4 axb4 49. a5 Bxb2 50. a6 c3 51. Nd4 c2 52. Nxc2 b3) 47... bxc3 48. bxc3 Bxc3 49. Ne3 $11) 47. Nf3 $1 $18 {Threatening 48.d2.} ({Instead of giving up (after quite a long think) after} 47. Nf3 {Black could have tried} Ba3 48. bxa3 b2 49. Nd2 {and now} Kg6 {but there are not many practical chances for him. For example,} 50. Kf4 Kh5 51. Ke3 Kxg5 52. Kd4 (52. Ke2 Kg4 53. Kd1 $1 Kxg3 54. Kc2 {wins as well}) 52... Kg4 53. Kxc4 e5 54. Kb3 ({after} 54. Kd5 $4 Kxg3 55. Kxe5 Kf2 {Black saves the game}) 54... e4 55. Kxb2 e3 56. Nc4 e2 57. Ne3+ Kxg3 58. Nc2 f5 59. c4 f4 60. Kc3 f3 61. Kd2 $18 {. I suspect that this Carlsen's win will never be included in his best games collections. He played quite poorly and was just very lucky in the end.}) 1-0

[Event "Sinquefield Cup 6th"]
[Site "Saint Louis"]
[Date "2018.08.18"]
[Round "1"]
[White "Vachier Lagrave, Maxime"]
[Black "Carlsen, Magnus"]
[Result "1/2-1/2"]
[WhiteElo "2779"]
[BlackElo "2842"]
[PlyCount "74"]
[EventDate "2018.08.18"]
[EventType "tourn"]
[EventRounds "9"]
[EventCountry "USA"]
[EventCategory "22"]
[SourceTitle "CBM 186"]
[Source "ChessBase"]
[SourceDate "2018.09.14"]
[SourceVersion "1"]
[SourceVersionDate "2018.09.14"]
[SourceQuality "1"]

1. e4 c5 2. Nf3 Nc6 3. Nc3 e5 4. Bc4 g6 5. h4 h6 6. h5 g5 7. Nh2 Nf6 8. d3 d6 9. Nf1 $146 ({RR} 9. Nd5 Nxd5 10. Bxd5 Be6 11. Ng4 Bg7 12. c3 Bxd5 13. exd5 Ne7 14. Ne3 f5 15. g4 f4 16. Nc4 b5 17. Nd2 Nxd5 18. Qf3 Nb6 19. d4 O-O 20. O-O c4 21. d5 Qd7 22. Rd1 Rad8 23. b3 Qc7 {Golubev,M (2461)-Tabatabaei,M (2629) Chess.com INT 2020 0-1 (55)}) ({RR} 9. Nd5 Nxd5 10. Bxd5 Be6 11. Ng4 Bg7 12. c3 Bxd5 13. exd5 Ne7 14. Ne3 f5 15. g4 f4 16. Nc4 b5 17. Nd2 Nxd5 18. Qf3 Nb6 19. d4 O-O 20. O-O c4 21. d5 Qd7 22. Rd1 Rad8 23. b3 Qc7 {Golubev,M (2461)-Tabatabaei,M (2629) Chess.com INT 2020 0-1 (55)}) 9... Bg4 10. f3 Be6 11. Ne3 Bg7 12. Ncd5 O-O 13. c3 Rb8 14. a4 a6 15. g4 b5 16. axb5 axb5 17. Bb3 Ne7 18. Nxe7+ Qxe7 19. O-O Qb7 20. Bxe6 fxe6 21. c4 b4 22. b3 Nd7 23. Qe2 Rbd8 24. Nc2 Nb8 25. Be3 Nc6 26. Kg2 Rf7 27. Ra4 Rdf8 28. Bg1 Bf6 29. Rfa1 Bd8 30. Ra8 Rxf3 31. Qxf3 Rxf3 32. Kxf3 Kg7 33. Ke2 Bb6 34. R8a6 Kf7 35. Ra8 Kg7 36. R8a6 Kf7 37. Ra8 Kg7 1/2-1/2

[Event "Sinquefield Cup 6th"]
[Site "Saint Louis"]
[Date "2018.08.20"]
[Round "3"]
[White "Aronian, Levon"]
[Black "Carlsen, Magnus"]
[Result "1/2-1/2"]
[WhiteElo "2767"]
[BlackElo "2842"]
[PlyCount "75"]
[EventDate "2018.08.18"]
[EventType "tourn"]
[EventRounds "9"]
[EventCountry "USA"]
[EventCategory "22"]
[SourceTitle "CBM 186"]
[Source "ChessBase"]
[SourceDate "2018.09.14"]
[SourceVersion "1"]
[SourceVersionDate "2018.09.14"]
[SourceQuality "1"]

1. e4 e5 2. Nf3 Nc6 3. Bc4 Bc5 4. d3 Nf6 5. O-O d6 6. c3 a6 7. Re1 h6 8. b4 Ba7 9. a4 O-O 10. Nbd2 Re8 11. Nf1 Be6 12. Bxe6 Rxe6 13. Ng3 ({RR} 13. Be3 Bxe3 14. Nxe3 Ne7 15. Qc2 Ng6 16. c4 c6 17. a5 d5 18. c5 Ne8 19. g3 Nc7 20. Rad1 Nb5 21. Qb2 d4 22. Nf5 Ne7 23. N3h4 Nxf5 24. Nxf5 h5 25. Rf1 g6 26. Nh4 Nc3 27. Rde1 Qe7 {So,W (2771)-Nakamura,H (2768) chess.com INT 2022 ½-½ (49)}) ({RR} 13. b5 axb5 14. axb5 Bxf2+ 15. Kxf2 Rxa1 16. bxc6 bxc6 17. Qb3 Qa8 18. Bd2 Ra3 19. Qb4 Ra4 20. Qb3 Ra3 21. Qb4 Ra4 22. Qb3 {½-½ (22) Korobov,A (2631)-Pulpan,J (2405) Pardubice CZE 2025}) 13... Ne7 14. d4 Ng6 $146 ({RR} 14... exd4 15. cxd4 Ng6 16. h3 Qe8 17. Qc2 Qd7 18. d5 Ree8 19. Bb2 Nh7 20. Nf5 Ne5 21. N3d4 c6 22. dxc6 bxc6 23. Rad1 Rad8 24. Kh1 Nf8 25. f4 Neg6 26. Nxg7 Kxg7 27. Nxc6+ Kh7 28. Qc3 f6 29. Nxd8 {Eljanov,P (2682)-Sanal,V (2511) Chess.com INT 2019 1-0 (46)}) 15. Qc2 c6 16. h3 Qc7 17. Be3 d5 18. Nxe5 Nxe5 19. dxe5 Qxe5 20. exd5 cxd5 21. Rad1 Bxe3 22. Rxe3 Qc7 23. Nf5 Rae8 24. Qd3 Qf4 25. g3 Qc7 26. a5 Rxe3 27. Nxe3 Qc6 28. Nxd5 Nxd5 29. Qxd5 Re1+ 30. Kh2 Rxd1 31. Qxd1 Qxc3 32. Qd8+ Kh7 33. Qd5 Qxb4 34. Qf5+ Kg8 35. Qc8+ Kh7 36. Qf5+ Kg8 37. Qc8+ Kh7 38. Qf5+ 1/2-1/2

[Event "Sinquefield Cup 6th"]
[Site "Saint Louis"]
[Date "2018.08.21"]
[Round "4"]
[White "Anand, Viswanathan"]
[Black "Carlsen, Magnus"]
[Result "1/2-1/2"]
[WhiteElo "2768"]
[BlackElo "2842"]
[PlyCount "107"]
[EventDate "2018.08.18"]
[EventType "tourn"]
[EventRounds "9"]
[EventCountry "USA"]
[EventCategory "22"]
[SourceTitle "CBM 186"]
[Source "ChessBase"]
[SourceDate "2018.09.14"]
[SourceVersion "1"]
[SourceVersionDate "2018.09.14"]
[SourceQuality "1"]

1. e4 c5 2. Nf3 Nc6 3. Bb5 g6 4. Bxc6 dxc6 5. d3 Bg7 6. h3 Nf6 7. Nc3 O-O 8. Be3 b6 9. Qd2 e5 10. Bh6 Qd6 11. Bxg7 Kxg7 12. a4 ({RR} 12. Nh2 Nh5 13. Ng4 f6 14. g3 Be6 15. Ne2 Rad8 16. O-O-O Kh8 17. f4 Rde8 18. Rhf1 exf4 19. gxf4 Qd7 20. Qe3 Ng7 21. Qg3 Qe7 22. Kb1 Bc8 23. Ne3 Nf5 24. Nxf5 gxf5 25. Nc3 Qf7 26. Rg1 c4 {Ivanchuk,V (2769)-Radjabov,T (2788) Astana 2012 1-0 (48)}) ({RR} 12. Qe3 Ne8 13. Nd2 Nc7 14. Nc4 Qe7 15. Ne2 Ba6 16. b3 Ne6 17. Qg3 Bxc4 18. bxc4 Nd4 19. Nxd4 cxd4 20. O-O b5 21. cxb5 cxb5 22. f4 f6 23. Rf2 Rac8 24. Raf1 exf4 25. Qxf4 Rc5 26. Qd2 Rc3 {Andersen,M (2585)-Hansen,S (2505) Denmark DEN 2025 ½-½ (44)}) 12... Ne8 13. Nh2 $146 ({RR} 13. a5 b5 14. O-O Nc7 15. Ne2 Ne6 16. c3 Rd8 17. Rfd1 Ba6 18. Ng5 b4 19. Nxe6+ Qxe6 20. Qe3 Rd7 21. Nc1 c4 22. d4 exd4 23. Rxd4 Rad8 24. Ne2 c5 25. Rxd7 Rxd7 26. e5 Rd3 27. Nf4 Qc6 {Droin,A (2343)-Benmesbah,N (2224) Clichy 2022 1-0 (35)}) ({RR} 13. a5 b5 14. O-O Nc7 15. Ne2 Ne6 16. c3 Rd8 17. Rfd1 Ba6 18. Ng5 b4 19. Nxe6+ Qxe6 20. Qe3 Rd7 21. Nc1 c4 22. d4 exd4 23. Rxd4 Rad8 24. Ne2 c5 25. Rxd7 Rxd7 26. e5 Rd3 27. Nf4 Qc6 {Droin,A (2343)-Benmesbah,N (2224) Clichy 2022 1-0 (35)}) 13... Nc7 14. Ng4 f6 15. f3 Ne6 16. h4 Nd4 17. h5 g5 18. Ne3 Be6 19. Ne2 Kh8 20. Ng3 Rad8 21. Kf2 Qe7 22. Qd1 c4 23. dxc4 f5 24. exf5 Nxf5 25. Ngxf5 Bxf5 26. Qe2 g4 27. Kg1 gxf3 28. Qxf3 Bxc2 29. Qg3 Bd3 30. Rh4 Rd4 31. Rg4 Rxg4 32. Nxg4 e4 33. Qe5+ Qxe5 34. Nxe5 Kg7 35. Rd1 Rd8 36. Nxc6 Re8 37. Kf2 e3+ 38. Ke1 Bxc4 39. Rd4 Bf7 40. g4 a5 41. b4 axb4 42. Rxb4 Be6 43. g5 Bf7 44. h6+ Kg6 45. Rb5 Ba2 46. Re5 Rxe5 47. Nxe5+ Kxg5 48. Nd7 Bb3 49. Nxb6 Bxa4 50. Nxa4 Kxh6 51. Nc3 e2 52. Nxe2 Kg5 53. Ng3 h5 54. Nxh5 1/2-1/2

[Event "Sinquefield Cup 6th"]
[Site "Saint Louis"]
[Date "2018.08.25"]
[Round "7"]
[White "Carlsen, Magnus"]
[Black "Caruana, Fabiano"]
[Result "1/2-1/2"]
[WhiteElo "2842"]
[BlackElo "2822"]
[Annotator "Roiz,Michael"]
[PlyCount "82"]
[EventDate "2018.08.18"]
[EventType "tourn"]
[EventRounds "9"]
[EventCountry "USA"]
[EventCategory "22"]
[SourceTitle "CBM 186"]
[Source "ChessBase"]
[SourceDate "2018.09.14"]
[SourceVersion "1"]
[SourceVersionDate "2018.09.14"]
[SourceQuality "1"]

1. e4 e5 2. Nf3 Nf6 3. Nxe5 d6 4. Nf3 Nxe4 5. Nc3 Nxc3 6. dxc3 Be7 7. Be3 Nc6 8. Bc4 $5 {This move is almost unexplored on a high level.} ({RR} 8. Bd3 Bf6 9. Qd2 Be6 10. O-O-O Qd7 11. Bg5 Qe7 12. Qf4 Bxg5 13. Nxg5 O-O-O 14. Rhe1 Ne5 15. Kb1 h6 16. Nxe6 fxe6 17. Qe3 Kb8 18. f4 Nxd3 19. Rxd3 Rhe8 20. Rd4 Qh4 21. h3 Qf6 22. Re4 a6 {Karjakin,S (2763)-Grischuk,A (2767) Moscow 2018 ½-½ (43)}) ({RR} 8. Bb5 O-O 9. Qd2 Be6 10. Nd4 Nxd4 11. cxd4 c6 12. Bd3 Bf6 13. h4 Bd5 14. h5 Qb6 15. c4 Bxg2 16. Rg1 Bf3 17. h6 g6 18. Rg3 Bh5 19. Rb1 Bxd4 20. Bxg6 Bxg6 21. Bxd4 Rfe8+ 22. Kf1 Qa6 {Lasya,G (2039)-Filindash,N (2072) chess.com INT 2025 1-0}) 8... O-O ({After} 8... Bf6 9. Qe2 O-O 10. O-O-O Re8 11. h3 Be6 12. Bxe6 Rxe6 13. g4 {Dubov,D - Fridman,D Tbilisi 2017, White had a definite initiative on the k-side and eventually won.}) (8... Be6 9. Bxe6 fxe6 {, as was checked in a few games doesn't seem to fully solve Black's problems in view of} 10. h4 $1 Qd7 11. Ng5 e5 12. Qd5 Bxg5 13. hxg5 $14) 9. Qd2 ({Another possibility was} 9. Qe2 Re8 10. O-O-O Bg4 {, though White's queen is placed rather awkwardly here. For instance,} 11. h3 Bxf3 12. gxf3 Bg5 13. f4 Bxf4 14. Bxf7+ Kxf7 15. Qc4+ Kf8 16. Qxf4+ Qf6 $11) 9... Bf5 ({A move deserving serious attention is} 9... Ne5 $5 10. Nxe5 dxe5 11. O-O-O Qxd2+ 12. Rxd2 Bf5 13. Re1 Rfe8 {, and then in 1 correspondence game Black managed to slowly liquidate White's pressure along central files. However, play of such a character would most likely suit Magnus.}) 10. O-O-O Qd7 $146 ({RR} 10... Rb8 11. Bb3 Na5 12. Nd4 Bg6 13. f3 c5 14. Ne2 c4 15. g4 cxb3 16. cxb3 Nc6 17. Bf2 Ne5 18. Qd5 Bg5+ 19. f4 Nxg4 20. Bxa7 Ra8 21. fxg5 Rxa7 22. Qd4 Qxg5+ 23. Rd2 Rxa2 24. Kd1 Ra1+ 25. Nc1 {Henke,H (891)-Dietrich,M (1071) Magdeburg 2012 0-1 (31)}) ({RR} 10... a6 11. h3 Ne5 12. Nxe5 dxe5 13. Qe2 Qc8 14. g4 Be6 15. f4 Bxc4 16. Qxc4 exf4 17. Bxf4 c6 18. Bd6 Bxd6 19. Rxd6 Rd8 20. Rhd1 Rxd6 21. Rxd6 Qe8 22. Qd3 Qe1+ 23. Qd1 Qe3+ 24. Kb1 Re8 25. h4 {Gjeorgjievski,D (1827)-Cokreva,G (1844) Struga 2012 1-0 (46)}) 11. Kb1 $146 {This typical prophylactic move is a novelty.} ({The previously played} 11. Rhe1 Rae8 12. Bd5 Be6 13. c4 Bf6 14. Bg5 Bxg5 15. Qxg5 h6 {led to equal position in Takacs,B - Horvath,I Hungary 2008}) ({Another interesting try was} 11. h3 $5 Na5 12. Bd3 {, and the effect} Qa4 13. Kb1 Nc4 {doesn't lead to full equality:} 14. Bxc4 Qxc4 15. b3 Qa6 16. Nd4 Bd7 17. c4 $14) 11... Rfe8 12. h4 {The most aggressive. Magnus is intending to push his kingside pawns as soon as possible.} (12. h3 Be4 13. Bd5 Bf6 14. g4 g6 {looks very solid for Black.}) 12... Bf8 {This move looks somewhat passive, but Fabiano searches for counterplay along the e-file.} (12... Bf6 13. Bg5 $1 Be5 14. Nd4 Bxd4 15. cxd4 d5 16. Bf1 {would have yielded White a definite advantage due to the pair of bishops.}) 13. h5 h6 14. Be2 $1 {After this move Black can hardly stop g2-g4} Bg4 (14... a6 15. Nh2 Be4 16. Rhg1 $36) 15. Nh2 Bxe2 16. Qxe2 Ne5 {This move is connected with loss of time, since White is going to push the k-side pawns and attack the knight.} ({A safer one was} 16... Re4 $5 17. Nf1 (17. g4 {is well met by} Rae8 18. Qd3 d5 $1 19. Qxd5 Qxd5 20. Rxd5 Bd6 $132) 17... Rae8 18. Nd2 R4e5 19. g4 Qe6 {White is still somewhat better, but Black's counterplay shouldn't be underestimated.}) 17. Bc1 Qc6 18. f4 (18. g4 $5 Qc4 19. Qxc4 Nxc4 20. b3 Ne5 21. c4 $14 {also would have kept Black under long-lasting pressure.}) 18... Nc4 19. Qd3 Qe4 {Black manages to liquidate into the endgame, but it doesn't fully solve his problems.} 20. g4 Ne3 21. Rde1 Qxd3 22. cxd3 Nd5 23. Reg1 $1 {White reasonably prefers to keep both rooks on the board.} (23. g5 $6 {would be premature:} Rxe1 24. Rxe1 g6 $1 {and the initiative is almost gone.}) 23... Re6 $6 ({Much better was} 23... Re2 $1 24. g5 Kh7 25. Ng4 Rae8 {, and the activity of rooks offers Black definite counter-play. For instance,} 26. g6+ (26. f5 hxg5 27. Bxg5 Be7 28. Bxe7 R8xe7 29. c4 Nf6 $11) 26... Kg8 27. f5 f6 28. c4 Nb4 $132) 24. g5 Ne7 $6 {This is too passive.} ({After} 24... Kh7 25. Ng4 Re2 26. f5 hxg5 27. Bxg5 Be7 28. Bxe7 Rxe7 29. h6 g6 30. fxg6+ fxg6 31. Rf1 $16 {The h-passer also would have put Black in danger, but it was the lesser evil.}) 25. gxh6 Rxh6 26. f5 Rh7 27. Ng4 (27. f6 $1 {was stronger:} Nd5 28. fxg7 Rxg7 29. Rf1 Re8 30. h6 Rg6 31. Nf3 $18 {and Black doesn't seem to withstand the pressure.}) 27... Kh8 28. f6 Ng8 29. fxg7+ {This inaccuracy enables Black to activate the pieces.} ({More energetic was} 29. h6 $1 Nxf6 ({Black is almost paralysed also after} 29... gxf6 30. Rf1 Re8 31. Be3 c5 32. c4) 30. Nxf6 gxf6 31. Re1 {White is dominating over the board, and he should be able to win.}) 29... Rxg7 30. Be3 c5 $1 {It's necessary to cover the d4-square.} 31. Bf4 $6 {Another step in the wrong direction.} ({A much stronger move was} 31. Bd2 $1 Re8 (31... Kh7 32. Nf2 $16) 32. c4 Re6 33. Bc3 f6 34. Rg3 $16 {and Black is still doomed to passive defence.}) 31... Re8 $1 32. Ne3 Rxg1+ 33. Rxg1 Re6 {Black's pieces are slowly getting out now.} 34. Nd5 Nf6 35. Nc7 Re2 36. Nb5 Re6 $1 {A cool-blooded reply, that makes it difficult for White to make real progress.} 37. Rf1 $6 {Spoiling all the advantage.} ({The last chance was} 37. Nxa7 Kh7 38. Rh1 Ng4 39. Nb5 Nf2 40. Rf1 Nxd3 41. Bxd6 $1 Bxd6 42. Rxf7+ Kh6 43. Rd7 Re1+ 44. Kc2 c4 45. Rxd6+ Kxh5 $14 {Black is very active, but the draw isn't guaranteed yet.}) 37... Kg8 38. Nc7 {Accepting a draw by repetition.} (38. Nxa7 Nxh5 39. Bc1 Rf6 40. Rg1+ Rg6 {is fine for Black.}) 38... Re2 39. Nb5 Re6 40. Nc7 Re2 41. Nb5 Re6 1/2-1/2